10 Random Numbers 1-50 - Blind Ranking - Statistics

General Stats
  • This quiz has been taken 343 times
  • The average score is 6 of 10
Answers on the Map
Answers color-coded by a green-red scale on the quiz's map according to % correct below.
 
Answer Stats
Number % Correct
44
100%
38
88%
11
83%
8
83%
14
82%
34
82%
1
80%
23
80%
26
80%
9
80%
22
75%
27
75%
3
75%
47
75%
37
73%
12
71%
25
71%
48
71%
29
67%
31
67%
42
67%
45
67%
5
67%
21
64%
4
63%
6
63%
28
60%
49
60%
7
60%
16
57%
30
57%
35
57%
39
57%
10
50%
13
50%
17
50%
2
50%
32
50%
33
50%
41
50%
46
50%
15
44%
19
40%
20
40%
24
40%
43
36%
40
33%
50
33%
36
22%
18
20%
No matching quizzes found
Score Distribution
Percent of People with Each Score
Percentile by Number Answered
Your Score History
You have not taken this quiz